| 000 | 00994nam a22002417a 4500 | ||
|---|---|---|---|
| 999 |
_c3586 _d3586 |
||
| 003 | AR-CdUCM | ||
| 008 | 190306b ||||| |||| 00| 0 spa d | ||
| 040 |
_aMUNICIPALIDAD PROVINCIAL DEL CUSCO _cBIBLIOTECA MUNICIPAL DEL CUSCO |
||
| 082 |
_a338.27 / _bE61 |
||
| 100 |
_aEngler, Robert _911737 |
||
| 245 |
_aLa política petrolera : _bun estudio del poder privado y las directivas democráticas / |
||
| 260 |
_aMexico : _bFCE, _c1961. |
||
| 300 |
_a515 páginas ; _c24 cm. |
||
| 505 | _aUna semblanza del petróleo -- Administración privada del petroleo -- Hacia la administración mundial -- La planificación privada y los recursos públicos -- Los privilegios del poder... | ||
| 650 |
_aPetróleo. _91700 |
||
| 650 |
_aAdministración del petróleo. _911738 |
||
| 650 |
_aPolítica pública. _98863 |
||
| 650 |
_aPoder privado. _911739 |
||
| 700 |
_aArrechea, Maximino (traductor) _911740 |
||
| 700 |
_aZama, Fulvio (traductor) _911741 |
||
| 942 |
_2ddc _cLIBROS |
||
| 945 |
_awfj _d2019-03-06 |
||